| Tag |
First Indicator |
Second Indicator |
Subfields |
| LEADER |
00000cam a2200000 a 4500 |
| 001 |
in00001404961 |
| 005 |
20151020064101.0 |
| 008 |
980129s1997 enk b 001 0 eng d |
| 010 |
|
|
|a gb 98013156
|
| 015 |
|
|
|a GB98-13156
|
| 020 |
|
|
|a 1856494454 (hbk.)
|
| 020 |
|
|
|a 1856494462 (pbk.)
|
| 035 |
|
|
|a (OCoLC)38284413
|
| 035 |
|
|
|9 AHP4469AM
|
| 040 |
|
|
|a WAU
|c WAU
|d UKM
|d TXA
|d UtOrBLW
|
| 049 |
|
|
|a TXAM
|
| 090 |
|
|
|a HQ1233
|b .G453 1997
|
| 245 |
0 |
0 |
|a Gender and catastrophe /
|c edited by Ronit Lentin.
|
| 246 |
1 |
4 |
|a Gender & catastrophe
|
| 264 |
|
1 |
|a London ;
|a New York :
|b Zed Books,
|c 1997.
|
| 300 |
|
|
|a 282 pages ;
|c 23 cm.
|
| 336 |
|
|
|a text
|b txt
|2 rdacontent
|
| 337 |
|
|
|a unmediated
|b n
|2 rdamedia
|
| 338 |
|
|
|a volume
|b nc
|2 rdacarrier
|
| 504 |
|
|
|a Includes bibliographical references and index.
|
| 505 |
0 |
|
|a Pt. I, Genders and genocides -- pt. II, Women in a war zone: the construction of gendered identities -- pt. III, Captured subjects : displacing women's bodies -- pt. IV, Sexualized slaveries -- pt. V, Gendered victimization : migration, poverty, famines.
|
| 650 |
|
0 |
|a Women and war.
|
| 650 |
|
0 |
|a Women
|x Crimes against.
|
| 650 |
|
0 |
|a Women
|x Assaults against.
|
| 650 |
|
0 |
|a Sex discrimination against women.
|
| 700 |
1 |
|
|a Lenṭin, Ronit.
|
| 948 |
|
|
|a c:ce
|
| 999 |
|
|
|a MARS
|
| 999 |
f |
f |
|s 9e6b901f-cbb7-3250-8ba7-8a92d5450265
|i b12a0287-5300-347f-bc54-6a5bc7116a4e
|t 0
|
| 952 |
f |
f |
|p ric
|a Texas A&M University
|b Rellis Campus
|c Joint Library Facility
|d Remote Storage
|t 0
|e HQ1233 .G453 1997
|h Library of Congress classification
|i unmediated -- volume
|m A14822490147
|
| 998 |
f |
f |
|a HQ1233 .G453 1997
|t 0
|l Remote Storage
|